000 00687nmc a2200265 a 4500
003 AR-Y00000XR
005 20251128211634.0
008 227020s2006 ||||||||||||||000 | spa||
020 _a968-16-8277-7
040 _cAR-Y00000XR
100 1 _aFarías, Juan
245 1 0 _aGallego
_ba la orilla del mar
250 _a1ª ed.
260 _aMéxico
_bFCE
_c2006
300 0 _a[48 p.]
490 0 _aLos especiales de A la orilla del viento
650 4 _aCUENTO INFANTIL
650 4 _aLIBROS PARA NINOS
650 4 _aLITERATURA INFANTIL
650 4 _aLITERATURA ESPANOLA
655 _aLITERATURA
700 1 _aCobas, Xosé
_eilustrador
942 _cBK
998 _cme-solo cat
999 _c20549
_d20549